<?xml version="1.0" encoding="UTF-8"?>
<collection xmlns="http://www.loc.gov/MARC21/slim">
 <record>
  <leader>01632pam a2200301 a 4500</leader>
  <controlfield tag="001">1/42905</controlfield>
  <controlfield tag="008">120906s2007    gr            000 0 gre  </controlfield>
  <datafield tag="020" ind1=" " ind2=" ">
   <subfield code="a">9789600220711</subfield>
  </datafield>
  <datafield tag="035" ind1=" " ind2=" ">
   <subfield code="l">45782</subfield>
  </datafield>
  <datafield tag="040" ind1=" " ind2=" ">
   <subfield code="a">DLC</subfield>
   <subfield code="c">DLC</subfield>
   <subfield code="d">GR-PeUP</subfield>
  </datafield>
  <datafield tag="082" ind1="0" ind2="0">
   <subfield code="a">658.5 TAY ΜΤΦ</subfield>
  </datafield>
  <datafield tag="100" ind1="1" ind2=" ">
   <subfield code="a">Taylor, Frederick Winslow</subfield>
   <subfield code="d">1856-1915.</subfield>
  </datafield>
  <datafield tag="245" ind1="1" ind2="0">
   <subfield code="a">Αρχές επιστημονικού μάνατζμεντ /</subfield>
   <subfield code="c">Frederick Winslow Taylor ;εισαγωγή- επιμέλεια Ιορδάνης Ψημμένος ;μετάφραση Ιωάννα Ι. Δ. Μπιμπλή.</subfield>
  </datafield>
  <datafield tag="260" ind1=" " ind2=" ">
   <subfield code="a">Αθήνα :</subfield>
   <subfield code="b">Παπαζήσης,</subfield>
   <subfield code="c">2007.</subfield>
  </datafield>
  <datafield tag="300" ind1=" " ind2=" ">
   <subfield code="a">195 σ. ;</subfield>
   <subfield code="c">22 εκ.</subfield>
  </datafield>
  <datafield tag="490" ind1="1" ind2=" ">
   <subfield code="a">Κοινωνιολογία και εργασία ;</subfield>
  </datafield>
  <datafield tag="650" ind1=" " ind2="4">
   <subfield code="a">Διοίκηση και οργάνωση.</subfield>
  </datafield>
  <datafield tag="650" ind1=" " ind2="4">
   <subfield code="a">Βιομηχανικό μάνατζμεντ.</subfield>
  </datafield>
  <datafield tag="650" ind1=" " ind2="4">
   <subfield code="a">Management.</subfield>
  </datafield>
  <datafield tag="700" ind1="1" ind2=" ">
   <subfield code="a">Ψημμένος, Ιορδάνης,</subfield>
   <subfield code="d">1962-</subfield>
  </datafield>
  <datafield tag="700" ind1="1" ind2=" ">
   <subfield code="a">Μπιμπλή, Ιωάννα Δ.</subfield>
  </datafield>
  <datafield tag="830" ind1=" " ind2=" ">
   <subfield code="a">Κοινωνιολογία και εργασία.</subfield>
  </datafield>
  <datafield tag="852" ind1=" " ind2=" ">
   <subfield code="a">INST</subfield>
   <subfield code="b">UNIPILB</subfield>
   <subfield code="c">MAIN</subfield>
   <subfield code="e">20120906</subfield>
   <subfield code="h">658.5 TAY ΜΤΦ</subfield>
   <subfield code="p">00165617</subfield>
   <subfield code="q">00165617</subfield>
   <subfield code="t">CLOCOL</subfield>
   <subfield code="y">4</subfield>
   <subfield code="x">20191108</subfield>
   <subfield code="4">1</subfield>
  </datafield>
  <datafield tag="852" ind1=" " ind2=" ">
   <subfield code="a">INST</subfield>
   <subfield code="b">UNIPILB</subfield>
   <subfield code="c">MAIN</subfield>
   <subfield code="e">20200220</subfield>
   <subfield code="h">658.5 TAY ΜΤΦ</subfield>
   <subfield code="p">00182434</subfield>
   <subfield code="q">00182434</subfield>
   <subfield code="t">CLOCOL</subfield>
   <subfield code="y">0</subfield>
   <subfield code="4">2</subfield>
  </datafield>
  <datafield tag="852" ind1=" " ind2=" ">
   <subfield code="a">INST</subfield>
   <subfield code="b">UNIPILB</subfield>
   <subfield code="c">MAIN</subfield>
   <subfield code="e">20200220</subfield>
   <subfield code="h">658.5 TAY ΜΤΦ</subfield>
   <subfield code="p">00182435</subfield>
   <subfield code="q">00182435</subfield>
   <subfield code="t">CLOCOL</subfield>
   <subfield code="y">0</subfield>
   <subfield code="4">3</subfield>
  </datafield>
  <datafield tag="852" ind1=" " ind2=" ">
   <subfield code="a">INST</subfield>
   <subfield code="b">UNIPILB</subfield>
   <subfield code="c">MAIN</subfield>
   <subfield code="e">20200220</subfield>
   <subfield code="h">658.5 TAY ΜΤΦ</subfield>
   <subfield code="p">00182436</subfield>
   <subfield code="q">00182436</subfield>
   <subfield code="t">CLOCOL</subfield>
   <subfield code="y">0</subfield>
   <subfield code="4">4</subfield>
  </datafield>
  <datafield tag="852" ind1=" " ind2=" ">
   <subfield code="a">INST</subfield>
   <subfield code="b">UNIPILB</subfield>
   <subfield code="c">MAIN</subfield>
   <subfield code="e">20200220</subfield>
   <subfield code="h">658.5 TAY ΜΤΦ</subfield>
   <subfield code="p">00182437</subfield>
   <subfield code="q">00182437</subfield>
   <subfield code="t">CLOCOL</subfield>
   <subfield code="y">0</subfield>
   <subfield code="4">5</subfield>
  </datafield>
  <datafield tag="852" ind1=" " ind2=" ">
   <subfield code="a">INST</subfield>
   <subfield code="b">UNIPILB</subfield>
   <subfield code="c">MAIN</subfield>
   <subfield code="e">20200220</subfield>
   <subfield code="h">658.5 TAY ΜΤΦ</subfield>
   <subfield code="p">00182438</subfield>
   <subfield code="q">00182438</subfield>
   <subfield code="t">CLOCOL</subfield>
   <subfield code="y">23</subfield>
   <subfield code="4">6</subfield>
  </datafield>
 </record>
</collection>
